| 000 | 00515nam a22001337a 4500 | ||
|---|---|---|---|
| 999 |
_c126153 _d126153 |
||
| 008 | 170216b xxu||||| |||| 00| 0 eng d | ||
| 050 | _aBX1675.S246 | ||
| 100 |
_aSarpong, Peter _923124 |
||
| 245 |
_aThe mission of the church in Africa _bA theological reflection by Bishop Peter Sarpong from assistance to liberation by Jean-Marc Ela _cPeter Sarpong and Jean-Marc Ela |
||
| 260 |
_aParis _bThe International Team _c1980 |
||
| 300 |
_a43p. ; _c22cm. |
||
| 650 |
_aAfrica _xChristianity _926693 |
||
| 700 |
_aEla, Jean Marc _927849 |
||
| 942 |
_2lcc _cMONOGRAPH |
||